000 00978nam a22002417a 4500
999 _c12636
_d12636
003 AR-CdUCM
008 190409b ||||| |||| 00| 0 spa d
040 _aMUNICIPALIDAD PROVINCIAL DEL CUSCO
_cBIBLIOTECA MUNICIPAL DEL CUSCO
082 _a371.264 /
_bM996 / 1945
100 _aMyers, Alonzo Franklin
_930572
245 _aLa educación física e higiene /
260 _aBuenos Aires :
_bLosada,
_c1945.
300 _a199 páginas ;
_c18 cm.
440 _aLa escuela activa
_n16
_930573
505 _aContenido: Tendencias recientes en la educación física e higiénica -- Un programa moderno de educación física y educación higiénica -- Para hacer de la escuela un lugar sano y atractivo...
650 _aEducación física
_913743
650 _aEducación higiénica
_930574
650 _aHábitos en la escuela
_930575
700 _aClinton Bird, Ossian
_930576
700 _aJ., Gonzalo (traducción)
_930577
942 _2ddc
_cLIBROS
945 _adavv
_d09/04/2019